000
00296nam a22001337a 4500
008
190306b xxu||||| |||| 00| 0 eng d
020
_a
2740126689373
041
_a
eng
080
_a
341
100
_a
15
101
_a
SHJ
245
_a
Elder Law for Paralegals
_c
Vietzen, L.A
942
_2
udc
_c
BK
999
_c
54644
_d
54644